000 00715nam a22002177a 4500
005 20180821110830.0
010 _aENG-123550
020 _a9789352806935
_c595.00
035 _aEN-107082
037 _bDBAD/PUB
082 _a658.3
100 _aChella, Ganesh
245 _aHR here and now:
_cby Ganesh Chella; Harish Devarajan [and] V.J. Rao
_bthe making of the quintessential people champion /
250 _a2nd edn.
260 _aNew Delhi
_bSAGE Publications,
_c2018
270 _aB1/I-1 Mohan Cooperative Industrial Area, Mathura Road
_bNew Delhi
_e110044
300 _axv, 212p.
_c21cm(pbk).
700 _a Devarajan, Harish
700 _a Rao, V.J.
942 _2ddc
_cEN
_h658.3
_mCHE
999 _c154342
_d154342